Fundamentación de los valores en los atributos de impactos, en la evaluación de impacto ambiental realizado en la Colonia Miguel Bonilla Obando, en su etapa de funcionamiento

La presente investigación se realiza una fundamentación de los parámetros considerados al evaluar los atributos en un estudio de impacto ambiental, en un asentamiento humano en su etapa de funcionamiento, utilizando los resultados del trabajo realizado en la Colonia Miguel Bonilla Obando ubicado...

Full description

Bibliographic Details
Main Author: Montiel Sang, Yamileth del Carmen
Other Authors: Tutor: Gómez Ortega, Graciela Dionides
Format: Tesis Section = Libro
Language:Undetermined
Spanish
Published: Managua UNI 2008
Subjects:
LEADER 01297nam a2200253Ia 4500
008 240830s9999 xx 000 0 und d
040 |a BIBLIOTECA-RUSB/ T.Mon 333.72 M791 
041 |a spa 
082 |a T.Mon 333.72 M791 
100 1 |a Montiel Sang, Yamileth del Carmen 
245 1 0 |a Fundamentación de los valores en los atributos de impactos, en la evaluación de impacto ambiental realizado en la Colonia Miguel Bonilla Obando, en su etapa de funcionamiento 
260 |a Managua  |b UNI  |c 2008 
300 |a 150 p. :il. 
500 |a Contiene: anexos. 
502 |a Tesis (Especialista en Gestión y Evaluación de Impacto Ambiental) - UNI, 2008. 
520 3 |a La presente investigación se realiza una fundamentación de los parámetros considerados al evaluar los atributos en un estudio de impacto ambiental, en un asentamiento humano en su etapa de funcionamiento, utilizando los resultados del trabajo realizado en la Colonia Miguel Bonilla Obando ubicado en el distrito III de la ciudad de Managua. 
650 7 |a RECURSOS NATURALES 
650 7 |b  ATRIBUTOS DE IMPACTO AMBIENTAL 
650 7 |c  CONSERVACION Y PROTECCION DEL MEDIO AMBIENTE 
650 7 |d  DIGNOSTICO AMBIENTAL 
700 1 |a Tutor:  |b Gómez Ortega, Graciela Dionides 
942 |c BK  |2 ddc 
991 |a TESIS 
999 |c 21715